000 01658nam0a2200349 4500
001 RU\NLR\bibl\1810917
005 20250616153620.0
010 _a978-5-7695-4660-0
_91000
021 _aRU
_b2011-62356
_94375
035 _a(nilc)RSL-KNO-004990615
035 _a(NLR Aleph) 001801531
090 _a1793877
_c1793877
100 _a20110816d2011 |||y0rusy50 ca
101 0 _arus
102 _aRU
105 _aa |||||||||
200 1 _aСправочное пособие слесаря
_eсправочное пособие для использования в учебном процессе образовательных учреждений, реализующих программы начального профессионального образования
_fБ.С. Покровский
210 _aМожайск
_cАкадемия
_d2011
215 _a221, [1] с.
_cил.
_d22
225 1 _aНачальное профессиональное образование
_iСлесарь
320 _aБиблиогр.: с. 220 (6 назв.)
606 1 _aСлесарные работы
_jУчебные издания для начального профессионального образования
_91704040
_3RU\NLR\auth\66758825
686 _aК671я722-5
_2rubbk
686 _aК671я722-1
700 1 _4070
_7ca
_8rus
_aПокровский
_bБ. С.
_cпедагог, технолог
_gБорис Семёнович
_915251
_3RU\NLR\auth\7732242
801 0 _aRU
_bRuMoRKP
_c20110816
_grcr
801 1 _aRU
_bRuMoRGB
_c20110816
801 2 _aRU
_bNLR
_c20110920
_grcr
942 _cBOOK
980 _aNB
980 _aNBR